Normal view MARC view
  • Dr. Muhammad Arif

Entry Personal Name

Number of records used in: 1

001 - CONTROL NUMBER

  • control field: 27858

003 - CONTROL NUMBER IDENTIFIER

  • control field: NUST

005 - DATE AND TIME OF LATEST TRANSACTION

  • control field: 20200122105954.0

008 - FIXED-LENGTH DATA ELEMENTS

  • fixed length control field: 200122|| aca||aabn | a|a d

040 ## - CATALOGING SOURCE

  • Original cataloging agency: NUST
  • Transcribing agency: NUST

100 ## - HEADING--PERSONAL NAME

  • Personal name: Dr. Muhammad Arif

670 ## - SOURCE DATA FOUND

  • Source citation: Work cat.: (NUST): Javaid, Aiman, Maham Hashmi, Parisey Tariq and Romessa Nadeem 27856, Media and Information Literacy:, 2019.
© 2023 Central Library, National University of Sciences and Technology. All Rights Reserved.